| 000 | 01015nam a2200337 a 4500 | ||
|---|---|---|---|
| 001 | 1204876 | ||
| 003 | OSt | ||
| 005 | 20140310182658.0 | ||
| 008 | 980420s1997 ilub 000 0 eng | ||
| 010 | _a 98140735 | ||
| 020 | _a0842332782 (black) | ||
| 020 | _a0842332537 (burgundy) | ||
| 040 |
_aDLC _cDLC |
||
| 050 | 0 | 0 |
_a BS 185 _b.H761 1996 |
| 082 | 0 | 0 |
_aM 220 H74 1996 _bH74 1996 |
| 130 | 0 |
_aBible. _lEnglish. _sNew Living Translation. _f1997. |
|
| 245 | 1 | 0 |
_aHoly Bible : _bNew Living Translation |
| 260 |
_aWheaton, Ill. : _bTyndale House Publishers, Inc _cc1996 |
||
| 300 |
_a774p. _c22cm |
||
| 500 | _a"Red letter"--Spine. | ||
| 500 | _aIncludes index. | ||
| 521 | _aCollege Students | ||
| 526 | _c1210L-1700L | ||
| 541 | _j1 | ||
| 541 | _j2 | ||
| 541 | _j3 | ||
| 562 | _eFor Circulation. 1 Copy in the collection | ||
| 906 |
_a7 _bcbc _corignew _d2 _encip _f19 _gy-gencatlg |
||
| 942 |
_2lcc _cBK _kM |
||
| 999 |
_c15142 _d15142 |
||